Sports Quiz

Random Sports Quiz
Score 0/18 Timer 10:00
0 Plays Today
Hint Answer % Correct
TSV 1860 München
82.1%
1. FC Kaiserslautern
82.1%
SV Sandhausen
78.6%
VfL Bochum
78.6%
1.FC Nürnberg
75%
Karlsruher SC
71.4%
1.FC Union Berlin
71.4%
1.FC Heidenheim
71.4%
Erzgebirge Aue
71.4%
Hint Answer % Correct
FC Ingolstadt
71.4%
Eintracht Braunschweig
67.9%
FC St. Pauli
67.9%
SV Darmstadt 98
64.3%
Rasenballsport Leipzig
64.3%
Fortuna Düsseldorf
64.3%
VfR Aalen
60.7%
Spvgg Greuther Fürth
60.7%
FSV Frankfurt
60.7%
Remove Ads.
Support Sporcle.
Get the best of Sporcle when you Go Orange. This ad-free experience offers more features, more stats, and more fun while also helping to support Sporcle. Thank you for becoming a member.

You're not logged in!

Compare scores with friends on all Sporcle quizzes.
OR
Log In

Show Comments

Extras

Created Jan 17, 2015ReportNominate
Tags:bundesliga, team

Top Quizzes Today


Score Distribution

Your Account Isn't Verified!

In order to create a playlist on Sporcle, you need to verify the email address you used during registration. Go to your Sporcle Settings to finish the process.

Report this User

Report this user for behavior that violates our Community Guidelines.

Details: